Statistics for Every NFL teams best defensive player of all time in 20 years

Click here to take the quiz!

General Stats

  • This quiz has been taken 29 times
  • The average score is 14 of 32

Answer Stats

TeamPlayer% Correct
HOUJ.J. Watt
85%
BALRay Lewis
81%
BUFBruce Smith
78%
MIAJason Taylor
74%
NYGLawrence Taylor
74%
PHIReggie White
70%
WASDarrell Green
67%
CARLuke Kuechly
67%
ATLDeion Sanders
59%
DENVon Miller
59%
LARAaron Donald
56%
NYJDarrelle Revis
52%
CLEMyles Garrett
48%
DALMicah Parsons
44%
NEPTy Law
44%
CHIDick Butkus
41%
PITMean Joe Greene
41%
NOSRickey Jackson
41%
SFFRonnie Lott
41%
MINAlan Page
37%
TBBDerrick Brooks
37%
DETDick Lane
30%
CINGeno Atkins
30%
LACDerwin James
22%
ARILarry Wilson
22%
INDDarius Leonard
15%
TENKevin Byard
15%
KANWillie Lanier
15%
LVRTed Hendricks
11%
SEACortez Kennedy
7%
GBPRay Nitschke
7%
JAXTony Brackens
4%

Score Distribution

Percentile by Number Answered

Percent of People with Each Score

Your Score History

You have not taken this quiz